Statistics for Countries With Elements Named After Them

Click here to take the quiz!

General Stats

  • This quiz has been taken 95 times
    (25 since last reset)
  • The average score is 5 of 7

Answer Stats

SymbolElementAnswer% Correct
Fr, GaFrancium, GalliumFrance
100%
GeGermaniumGermany
90%
PoPoloniumPoland
90%
RuRuthenium (Latin)Russia
90%
NhNihonium (Japanese)Japan
70%
CuCopperCyprus
65%
TmThulium (Ancient)Norway
25%

Score Distribution

Percentile by Number Answered

Percent of People with Each Score

Your Score History

You have not taken this quiz since the last reset